000 00313nam a22001337a 4500
008 170413b xxu||||| |||| 00| 0 eng d
020 _a9994371908
041 _aeng
080 _a612.39
100 _a10
101 _aSHM
245 _aTE USHQEHEMI DREJT SIPAS GRUPEVE TE GJAKUT
_cDADAMO, P.J
942 _2udc
_cBK
999 _c10688
_d10688